[Event "Greifswald Ryck op 24th"]
[Site "Greifswald"]
[Date "2023.07.20"]
[Round "3"]
[White "Vakeel, Eshwar"]
[Black "Woll, Wilfried"]
[Result "0-1"]
[WhiteElo "1269"]
[BlackElo "2023"]
[PlyCount "82"]
[EventDate "2023.07.19"]
[EventType "swiss"]
[EventRounds "7"]
[EventCountry "GER"]
[SourceTitle "CBM 215 Extra"]
[Source "ChessBase"]
[SourceDate "2023.09.30"]
[SourceVersion "1"]
[SourceVersionDate "2023.09.30"]
[SourceQuality "1"]

1. e4 e6 2. d4 d5 3. exd5 exd5 4. Nf3 Bd6 5. Nc3 Ne7 6. Be3 Bg4 7. Be2 a6 8. Qd2 Nbc6 9. h3 Bf5 10. a3 Qd7 11. Bd3 f6 12. Bxf5 Qxf5 13. Ne2 g5 14. 0-0-0 0-0-0 15. Nc3 Na5 16. Qd3 Qxd3 17. Rxd3 b5 18. Na2 Nc4 19. Nd2 h5 20. Nxc4 dxc4 21. Rdd1 Nd5 22. c3 a5 23. Rhf1 Rde8 24. Rde1 Re6 25. Bd2 Rhe8 26. Rxe6 Rxe6 27. Re1 Rxe1+ 28. Bxe1 Nf4 29. g4 hxg4 30. hxg4 Nd3+ 31. Kd2 Nxb2 32. Ke3 Nd3 33. Bd2 Bxa3 34. f3 Kd7 35. Ke4 c6 36. Kf5 Ke7 37. f4 gxf4 38. Bxf4 Nxf4 39. Kxf4 Ke6 40. Ke4 Bf8 41. Kf4 Bh6+ 0-1

[Event "Oberliga Nord O 2122"]
[Site "Germany"]
[Date "2022.04.03"]
[Round "8.8"]
[White "Woll, Wilfried"]
[Black "Rath, Alina"]
[Result "1/2-1/2"]
[WhiteElo "2014"]
[BlackElo "2057"]
[PlyCount "58"]
[EventDate "2021.10.31"]
[EventType "team-tourn"]
[EventRounds "9"]
[EventCountry "GER"]
[SourceTitle "EXT 2023"]
[Source "ChessBase"]
[SourceDate "2022.10.05"]
[SourceVersion "1"]
[SourceVersionDate "2022.10.05"]
[SourceQuality "1"]
[WhiteTeam "Greifswald"]
[BlackTeam "Koenig Tegel II"]
[WhiteTeamCountry "GER"]
[BlackTeamCountry "GER"]

1. c4 c5 2. Nf3 e6 3. g3 d5 4. cxd5 exd5 5. Bg2 Nf6 6. 0-0 Be7 7. d4 0-0 8. Nc3 Nc6 9. Bg5 c4 10. Ne5 Be6 11. f4 Ng4 12. Bxe7 Nxe7 13. Nxg4 Bxg4 14. h3 Be6 15. Qd2 Qd7 16. Kh2 Rad8 17. g4 f5 18. g5 b5 19. e3 Rb8 20. Ne2 b4 21. Ng1 Rfc8 22. Rac1 a5 23. Nf3 Rb7 24. Ne5 Qb5 25. Qf2 Rcb8 26. h4 a4 27. h5 Nc6 28. Nf3 Ne7 29. Ne5 Nc6 1/2-1/2

[Event "Mecklenburg VP-ch MT"]
[Site "Greifswald"]
[Date "2019.04.16"]
[Round "7.3"]
[White "Woll, Wilfried"]
[Black "Schmidt, Peter2222"]
[Result "1/2-1/2"]
[WhiteElo "2015"]
[BlackElo "2108"]
[PlyCount "89"]
[EventDate "2019.04.13"]
[EventType "swiss"]
[EventRounds "7"]
[EventCountry "GER"]
[SourceTitle "EXT 2023"]
[Source "ChessBase"]
[SourceDate "2022.10.05"]
[SourceVersion "1"]
[SourceVersionDate "2022.10.05"]
[SourceQuality "1"]

1. c4 g6 2. g3 Bg7 3. Bg2 d6 4. Nc3 e5 5. d3 Ne7 6. e4 Be6 7. Nge2 Qd7 8. h4 Nbc6 9. Nd5 0-0 10. Bh6 f5 11. Bxg7 Kxg7 12. Qd2 Ng8 13. h5 Nd8 14. hxg6 hxg6 15. f4 c6 16. Ne3 Nf7 17. 0-0-0 Rad8 18. Kb1 Nf6 19. Nc3 a6 20. Rdf1 Rh8 21. Rhg1 b5 22. Rf2 bxc4 23. dxc4 fxe4 24. g4 exf4 25. Rxf4 Ne5 26. Nxe4 Nxe4 27. Bxe4 Qa7 28. Qf2 Rd7 29. b3 Rf7 30. Rxf7+ Qxf7 31. Qg3 Qe7 32. c5 Nf7 33. cxd6 Qxd6 34. Qxd6 Nxd6 35. Bxc6 Rh3 36. Nc2 Rh4 37. Ne3 Rh3 38. Nd1 Rh2 39. Nc3 Kf6 40. Ne4+ Ke5 41. Nc5 Bc8 42. Rd1 Nb5 43. Rd5+ Kf4 44. Bxb5 axb5 45. Rd4+ 1/2-1/2

[Event "Leipzig DSAM Cup"]
[Site "Leipzig"]
[Date "2018.06.02"]
[Round "5"]
[White "Woll, Wilfried"]
[Black "Glaser, Christian"]
[Result "1-0"]
[WhiteElo "1998"]
[BlackElo "2087"]
[PlyCount "57"]
[EventDate "2018.05.31"]
[EventType "swiss"]
[EventRounds "5"]
[EventCountry "GER"]
[SourceTitle "EXT 2019"]
[Source "ChessBase"]
[SourceDate "2018.10.10"]
[SourceVersion "1"]
[SourceVersionDate "2018.10.10"]
[SourceQuality "1"]

1. c4 e6 2. g3 d5 3. Bg2 Nf6 4. Nf3 Be7 5. 0-0 0-0 6. d4 c5 7. cxd5 Nxd5 8. e4 Nf6 9. Nc3 cxd4 10. Nxd4 e5 11. Nf5 Bxf5 12. exf5 Qc8 13. Qe2 Nc6 14. Bxc6 Qxc6 15. Qxe5 Rfe8 16. Qb5 Qc8 17. Bg5 a6 18. Qd3 b5 19. Rac1 Qb7 20. Bxf6 Bxf6 21. Nd5 Bxb2 22. Rc7 Qb8 23. Qb3 Bd4 24. Rfc1 Ra7 25. f6 Rxc7 26. Rxc7 Qd8 27. Ne7+ Kh8 28. Rc8 Bxf2+ 29. Kg2 1-0

[Event "Leipzig DSAM Cup"]
[Site "Leipzig"]
[Date "2018.06.01"]
[Round "3"]
[White "Ozerov, Ilja"]
[Black "Woll, Wilfried"]
[Result "1-0"]
[WhiteElo "2166"]
[BlackElo "1998"]
[PlyCount "81"]
[EventDate "2018.05.31"]
[EventType "swiss"]
[EventRounds "5"]
[EventCountry "GER"]
[SourceTitle "EXT 2019"]
[Source "ChessBase"]
[SourceDate "2018.10.10"]
[SourceVersion "1"]
[SourceVersionDate "2018.10.10"]
[SourceQuality "1"]

1. e4 e6 2. d3 d5 3. Nd2 c5 4. Ngf3 Nc6 5. g3 Nf6 6. Bg2 Be7 7. 0-0 0-0 8. Re1 b5 9. h4 a5 10. e5 Nd7 11. Nf1 Ra6 12. Bf4 f6 13. exf6 Nxf6 14. Ne5 Bd6 15. Nxc6 Rxc6 16. Bxd6 Rxd6 17. Nh2 Qb6 18. Qd2 b4 19. a3 Bd7 20. c3 b3 21. Re2 Be8 22. Rae1 Bg6 23. Bh3 Re8 24. f3 a4 25. Kg2 Qa6 26. d4 cxd4 27. Qxd4 Bf7 28. Nf1 Rc8 29. Nd2 Rcc6 30. g4 Nd7 31. f4 Nc5 32. Re3 Qa8 33. Nf3 Qd8 34. Ne5 Rc7 35. g5 Be8 36. Rd1 Ne4 37. Rxe4 Bh5 38. Rd2 Bf3+ 39. Nxf3 dxe4 40. Qxd6 exf3+ 41. Kxf3 1-0

[Event "Mecklenburg VP-ch MT"]
[Site "Neubrandenburg"]
[Date "2018.04.28"]
[Round "2.1"]
[White "Schulz, Karsten"]
[Black "Woll, Wilfried"]
[Result "1-0"]
[WhiteElo "2253"]
[BlackElo "1990"]
[PlyCount "59"]
[EventDate "2018.04.28"]
[EventType "swiss"]
[EventRounds "7"]
[EventCountry "GER"]
[SourceTitle "EXT 2023"]
[Source "ChessBase"]
[SourceDate "2022.10.05"]
[SourceVersion "1"]
[SourceVersionDate "2022.10.05"]
[SourceQuality "1"]

1. Nf3 d5 2. g3 Nf6 3. Bg2 c5 4. 0-0 Nc6 5. d4 e6 6. c4 dxc4 7. Qa4 cxd4 8. Nxd4 Bd7 9. Nxc6 Qb6 10. Be3 Qxb2 11. Nd2 bxc6 12. Bxc6 Rc8 13. Bxd7+ Nxd7 14. Nxc4 Qb4 15. Qxb4 Bxb4 16. Rfc1 Rc7 17. Bf4 Rb7 18. Nd6+ Bxd6 19. Rc8+ Ke7 20. Bxd6+ Kxd6 21. Rxh8 Nf6 22. Rd8+ Ke5 23. Rd2 g5 24. f3 h5 25. Rc1 Nd5 26. e4 Ne7 27. Kf2 f5 28. Rc5+ Kf6 29. Rdc2 a6 30. Rc7 1-0

[Event "Oberliga Nord O 1718"]
[Site "Germany"]
[Date "2018.04.15"]
[Round "9.5"]
[White "Paulowitz, Bernd Rainer"]
[Black "Woll, Wilfried"]
[Result "0-1"]
[WhiteElo "1924"]
[BlackElo "1990"]
[PlyCount "104"]
[EventDate "2017.10.08"]
[EventType "team-tourn"]
[EventRounds "9"]
[EventCountry "GER"]
[SourceTitle "EXT 2019"]
[Source "ChessBase"]
[SourceDate "2018.10.10"]
[SourceVersion "1"]
[SourceVersionDate "2018.10.10"]
[SourceQuality "1"]
[WhiteTeam "Stralsund"]
[BlackTeam "Greifswald"]
[WhiteTeamCountry "GER"]
[BlackTeamCountry "GER"]

1. d4 d5 2. c4 e6 3. Nf3 c5 4. e3 Nf6 5. Nc3 a6 6. a3 cxd4 7. exd4 dxc4 8. Bxc4 b5 9. Bb3 Bb7 10. 0-0 Be7 11. Qd3 Nbd7 12. Bg5 Nc5 13. Qd1 Nxb3 14. Qxb3 Bxf3 15. gxf3 Qxd4 16. Rad1 Qc5 17. Be3 Qh5 18. Kg2 0-0 19. Ne2 Rfd8 20. Nf4 Qf5 21. Rc1 Bd6 22. Ne2 Nd5 23. Ng3 Nxe3+ 24. fxe3 Bxg3 25. hxg3 Rd2+ 26. Rf2 Rxf2+ 27. Kxf2 Qh3 28. Rg1 Rd8 29. Qc3 h6 30. Qc2 Qh2+ 31. Rg2 Qh1 32. Rg1 Qh5 33. Kg2 Qd5 34. Re1 Rd6 35. Re2 g6 36. Qc8+ Kg7 37. Rc2 e5 38. g4 Rf6 39. Rf2 Rc6 40. Qb7 Qd6 41. Qa8 Rc1 42. Qe4 Rc4 43. Qb1 Qc6 44. Kg3 Qd6 45. Qe1 Qf6 46. Qd2 h5 47. b3 Rc6 48. e4 h4+ 49. Kg2 g5 50. a4 Rd6 51. Qc1 b4 52. Rc2 Rd3 0-1

[Event "GER Cup 1617 final"]
[Site "Niederhausen"]
[Date "2017.06.16"]
[Round "4.13"]
[White "Hundack, Rolf"]
[Black "Woll, Wilfried"]
[Result "1/2-1/2"]
[WhiteElo "2091"]
[BlackElo "2080"]
[PlyCount "98"]
[EventDate "2017.06.15"]
[EventType "swiss"]
[EventRounds "5"]
[EventCountry "GER"]
[SourceTitle "EXT 2019"]
[Source "ChessBase"]
[SourceDate "2018.10.10"]
[SourceVersion "1"]
[SourceVersionDate "2018.10.10"]
[SourceQuality "1"]

1. c4 e6 2. Nc3 d5 3. d4 c5 4. e3 Nf6 5. Nf3 a6 6. b3 cxd4 7. exd4 Nc6 8. c5 Ne4 9. Bd2 Be7 10. Bd3 f5 11. a3 0-0 12. b4 Bf6 13. Ne2 g5 14. h3 Bd7 15. Qc2 Be8 16. Bc3 Bg6 17. Rd1 Qc7 18. Qb2 Rae8 19. Bxe4 dxe4 20. Ne5 Ne7 21. h4 gxh4 22. Nf4 Nd5 23. Nfxg6 hxg6 24. Nxg6 Qg7 25. Nxf8 Qxg2 26. Kd2 Bg5+ 27. Kc2 Ne3+ 28. Kb3 Nxd1 29. Rxd1 Kxf8 30. d5 Rd8 31. d6 Kf7 32. Qb1 Qf3 33. Qc2 Bf6 34. Re1 Qxc3+ 35. Qxc3 Bxc3 36. Kxc3 h3 37. Rh1 Rh8 38. Rh2 e5 39. Kd2 Ke6 40. Ke3 Kd5 41. Ke2 Ke6 42. f3 exf3+ 43. Kxf3 Kf6 44. Kg3 f4+ 45. Kg4 Rg8+ 46. Kxh3 Rg3+ 47. Kh4 Kf5 48. Rd2 Rg7 49. Kh3 Ke6 1/2-1/2

[Event "Oberliga Nord O 1617"]
[Site "Germany"]
[Date "2017.01.15"]
[Round "4.7"]
[White "Woll, Wilfried"]
[Black "Piersig, Hans Juergen"]
[Result "1/2-1/2"]
[WhiteElo "2075"]
[BlackElo "2113"]
[PlyCount "25"]
[EventDate "2016.10.16"]
[EventType "team-tourn"]
[EventRounds "9"]
[EventCountry "GER"]
[SourceTitle "EXT 2018"]
[Source "ChessBase"]
[SourceDate "2017.10.13"]
[SourceVersion "1"]
[SourceVersionDate "2017.10.13"]
[SourceQuality "1"]
[WhiteTeam "Greifswald"]
[BlackTeam "Potsdam Empor"]
[WhiteTeamCountry "GER"]
[BlackTeamCountry "GER"]

1. c4 Nf6 2. g3 g6 3. Nc3 Bg7 4. Bg2 0-0 5. e4 d6 6. Nge2 e5 7. 0-0 Be6 8. d3 Qd7 9. Re1 c6 10. b3 d5 11. Bg5 d4 12. Na4 Na6 13. a3 1/2-1/2

[Event "Mecklenburg VP LL 1617"]
[Site "Mecklenburg VP"]
[Date "2016.11.06"]
[Round "2.2"]
[White "Woll, Wilfried"]
[Black "Hubert, Peter"]
[Result "1/2-1/2"]
[WhiteElo "2083"]
[BlackElo "2001"]
[PlyCount "20"]
[EventDate "2016.10.16"]
[EventType "team-tourn"]
[EventRounds "9"]
[EventCountry "GER"]
[SourceTitle "EXT 2022"]
[Source "ChessBase"]
[SourceDate "2021.10.06"]
[SourceVersion "1"]
[SourceVersionDate "2021.10.06"]
[SourceQuality "1"]
[WhiteTeam "Greifswald II"]
[BlackTeam "Stralsund FHSG"]
[WhiteTeamCountry "GER"]
[BlackTeamCountry "GER"]

1. c4 e5 2. g3 Nf6 3. Bg2 Nc6 4. Nc3 Bc5 5. e3 0-0 6. Nge2 d6 7. 0-0 Bg4 8. f3 Bf5 9. d4 exd4 10. exd4 Bb6 1/2-1/2